000 00420nam a2200145Ia 4500
008 211109s9999||||xx |||||||||||||| ||und||
082 _a894.8123
_bBAL-E
100 _aBalakrishnan, P K
245 0 _aEni Njan Urangatte
260 _bSAHITHYA PRVARTHAKA SANGHAM
_aKottayam
_c1973
300 _a261p.
630 _xGENERAL STACK
650 _aMalayalam Literature
_vMalayalam Fiction
_xLiteraturesMalayalam
942 _cBOOK
999 _c58799
_d58799